000 01158nam a2200277 a 4500
001 BRCA_2639
005 20190320203913.0
008 011208s1880----sp-#---###---#000-0#spa-u
041 _aspa
044 _asp
084 _a190
_b.M69
_c1880
100 1 _aCervantes Saavedra, Miguel de
_d1547-1616
_9213
245 1 0 _aEl Ingenioso Hidalgo Don Quijote de la Mancha
_ccompuesto por Miguel de Cervantes Saavedra.
260 _aMadrid
_bMoya y Plaza
_c1880
300 _a2 v.
_c12 cm.
500 _aContenido : v 1. Primera parte. Dedicatoria del autor. Prólogo del autor. Versos preliminares. Texto. -- v 2. Segunda parte. Dedicatoria del autor. Prólogo del autor. Texto
500 _aEjemplar igual al LO-189. Magníficamente encuadernado en piel con ilustraciones y adornos Lúdovik Osterc
500 _aQM181
650 1 4 _aNovela española
_yÉpoca clásica, 1500-1700
_9215
650 1 4 _aLiteratura española
_yÉpoca clásica, 1500-1700
_9216
650 1 4 _aNovela española
_ySiglo XVII
_9217
650 1 4 _aDon Quijote (Personaje ficticio)
_eNovela
_9218
740 0 _aEl Ingenioso Hidalgo Don Quijote de la Mancha
902 _aQFM
942 _2lcc
_cB
999 _c2379
_d2379